00212nam a2200073Ia 4500008004100000082000800041100001600049245007300065240331s9999 xx 000 0 und d bKUR aKurien, C.T 0aDynamics of rural transformation :ba study of Tamil Nadu 1950-19810